000 00458nam a2200181Ia 4500
005 20250326125447.0
008 250326s9999 xx 000 0 und d
037 _aTextbook
040 _aFMSL
_beng
_cFMSL
041 _aeng
_2eng
084 _aY L1
_qFMSL
100 _aHorowitz D
_9739130
245 0 _aRadical sociology
_cHorowitz D
260 _aNY
_bNY, Canfield
_c1971
300 _a307p
942 _cTB
_hY L1
999 _c1278159
_d1278159